[Event "Czech Christmas"]
[Site "Litomysl CZE"]
[Date "2006.12.30"]
[Round "6"]
[White "Streiter,G"]
[Black "Holusova,T"]
[Result "0-1"]
[WhiteElo "1960"]
[BlackElo "2097"]

1.e4 c5 2.Nf3 e6 3.Nc3 a6 4.d4 cxd4 5.Nxd4 b5 6.Bd3 Qb6 7.Nf3 Bc5 8.O-O d6
9.a4 b4 10.a5 Qc7 11.Na4 Qxa5 12.Bd2 Qc7 13.c3 Ba7 14.cxb4 Nd7 15.Rc1 Qb8
16.Re1 Ngf6 17.h3 O-O 18.Bc3 e5 19.Nh4 Nb6 20.b3 Bb7 21.Nf5 Qd8 22.Bb1 Nc8
23.Nb2 Qb6 24.Qd2 Ne8 25.Re3 Qd8 26.Rg3 Qf6 27.Nc4 Kh8 28.Rf1 Rg8 29.Kh1 Bb8
30.f4 Qe6 31.fxe5 dxe5 32.Qg5 Bc6 33.Rg4 f6 34.Qh5 Ra7 35.Qh4 Bb5 36.Rf3 Rd7
37.Rfg3 g5  0-1

[Event "Hilton Open"]
[Site "Basel SUI"]
[Date "2007.01.01"]
[Round "1"]
[White "Freuler,R"]
[Black "Drabke,L"]
[Result "0-1"]
[WhiteElo "2071"]
[BlackElo "2408"]

1.e4 c5 2.Nf3 e6 3.d4 cxd4 4.Nxd4 a6 5.Nc3 Qc7 6.Be2 b5 7.O-O Bb7 8.a3 Nf6
9.Qd3 d6 10.f4 Nbd7 11.Bf3 Be7 12.Bd2 O-O 13.Kh1 Rfe8 14.Nb3 Rac8 15.Rae1 e5
16.f5 Nb6 17.Qe2 Nc4 18.Nd1 Nxd2 19.Qxd2 Qxc2 20.Qxc2 Rxc2 21.Rf2 Rec8 22.Ree2 Rxe2
23.Rxe2 Bd8 24.Nc3 Kf8 25.Rd2 Ke7 26.g4 Rc4 27.Re2 Bb6 28.g5 Nd7 29.Rd2 Bd4
30.Nd5+ Bxd5 31.exd5 Be3 32.f6+ gxf6 33.gxf6+ Nxf6 34.Re2 Bb6 35.h3 Ne8 36.Nd2 Rc1+
37.Kh2 f5 38.Nb3 Rc4 39.Rg2 Kf8 40.Be2 Rc2 41.Bd3 Rxg2+ 42.Kxg2 e4 43.Bc2 Nf6  0-1

[Event "Open"]
[Site "Verona ITA"]
[Date "2007.01.04"]
[Round "2"]
[White "Luciani,C"]
[Black "Ortega,Le"]
[Result "1-0"]
[WhiteElo "2257"]
[BlackElo "2442"]

1.e4 c5 2.Nf3 e6 3.d4 cxd4 4.Nxd4 a6 5.Nc3 Qc7 6.g3 Bb4 7.Ne2 Nf6 8.Bg2 d6
9.O-O Bc5 10.Nd4 Nbd7 11.Kh1 Rb8 12.f4 b5 13.Nb3 b4 14.Nb1 Bb7 15.Qe2 Ba7
16.c4 a5 17.g4 a4 18.g5 Nxe4 19.Bxe4 axb3 20.axb3 Nc5 21.Bxb7 Rxb7 22.Qf3 Bb8
23.Re1 O-O 24.Nd2 d5 25.Nf1 d4 26.Ng3 d3 27.Be3 Nxb3 28.Ra6 Rd8 29.Qe4 Ba7
30.Rc6 Qe7 31.c5 Bxc5 32.Bxc5 Nxc5 33.Rxc5 d2 34.Rd1 Qxc5 35.Qxb7 Qc2 36.Qf3 Qxb2
37.Ne4  1-0

[Event "Petrovskaya Ladya IM"]
[Site "Peterhof RUS"]
[Date "2007.01.09"]
[Round "9"]
[White "Fedoseev,Vl3"]
[Black "Kaliberda,V"]
[Result "1/2-1/2"]
[WhiteElo "2166"]
[BlackElo "2354"]

1.e4 c5 2.Nf3 e6 3.d4 cxd4 4.Nxd4 a6 5.Nc3 Qc7 6.Bd3 Nc6 7.Nxc6 dxc6 8.O-O e5
9.Be3 Nf6 10.f3 Be6  1/2-1/2

[Event "zt 3.3"]
[Site "Phu Quoc VIE"]
[Date "2007.01.11"]
[Round "1"]
[White "Gundavaa,B"]
[Black "Dimakiling,O"]
[Result "0-1"]
[WhiteElo "2256"]
[BlackElo "2481"]

1.e4 c5 2.Nf3 e6 3.d4 cxd4 4.Nxd4 a6 5.Nc3 Qc7 6.Be3 b5 7.Qd2 Nf6 8.f3 d5
9.exd5 b4 10.Ne4 Nxd5 11.O-O-O Nxe3 12.Qxe3 Be7 13.Bd3 Nd7 14.Kb1 O-O 15.Ng5 Nf6
16.h4 Rb8 17.Qe2 a5 18.g4 Bc5 19.Nb3 Ba7 20.Nd2 h6 21.Nge4 Nd5 22.g5 h5 23.Bc4 Ne3
24.Rc1 Rd8 25.Bd3 e5 26.g6 f6 27.Ng3 Be6 28.Nxh5 a4 29.Ne4 a3 30.Nexf6+ gxf6
31.Nxf6+ Kg7 32.Ne4 axb2 33.Rcg1 Qa5  0-1

[Event "ch-CUB Open"]
[Site "Santa Clara CUB"]
[Date "2007.01.12"]
[Round "3"]
[White "Martinez,Lel"]
[Black "Arencibia,W"]
[Result "0-1"]
[WhiteElo "2397"]
[BlackElo "2549"]

1.e4 c5 2.Nf3 e6 3.Nc3 a6 4.d4 cxd4 5.Nxd4 Qc7 6.Be2 b5 7.O-O Bb7 8.Bf3 d6
9.a4 bxa4 10.Rxa4 Nd7 11.Re1 Be7 12.Bh5 g6 13.Be2 Ngf6 14.Bh6 Nc5 15.Rc4 Qd7
16.Bf3 e5 17.Nb3 Nxb3 18.cxb3 Bf8 19.Bg5 Be7 20.Bxf6 Bxf6 21.Bg4 Qd8 22.Nd5 O-O
23.b4 Bg5 24.Qd3 Kh8 25.Rd1 Rb8 26.Nc3 f5 27.exf5 gxf5 28.Bxf5 Qf6 29.g4 Qg7
30.Nd5 Bd8 31.h3 Qh6 32.Rc3 Rf7 33.b5 axb5 34.Qxb5 Qf8 35.Qd3 Bh4 36.b4 Qg7
37.Rdc1 Rbf8 38.Kf1 Rxf5 39.gxf5 Rg8 40.Qf3 e4 41.Qg4 Qd4 42.Ne3 Rxg4 43.hxg4 Qxb4
44.Kg2 Bg5 45.Kg3 d5 46.Rc5 Be7 47.R5c2 d4 48.Nc4 Bg5 49.Rb2 Qxb2  0-1

[Event "14th Western Class Ch."]
[Site "Agoura Hills USA"]
[Date "2007.01.14"]
[Round "5"]
[White "Khachiyan,M"]
[Black "Yermolinsky,A"]
[Result "1/2-1/2"]
[WhiteElo "2469"]
[BlackElo "2520"]

1.e4 c5 2.Nc3 e6 3.Nf3 a6 4.d4 cxd4 5.Nxd4 b5 6.Bd3 Qb6 7.Nb3 Qc7 8.Bg5 Bb7
9.O-O Nc6 10.Re1 Be7 11.Bxe7 Ngxe7 12.Bxb5 axb5 13.Nxb5 Qb6 14.Nd6+ Kf8 15.Qh5 Nd8
16.Rad1 Bc6 17.Re3 Rxa2 18.Rf3 Ng6 19.Qg5 Kg8 20.h4 h6 21.Qg3 Qb8 22.h5 Nf8
23.Qxg7+ Kxg7 24.Ne8+  1/2-1/2

[Event "TCh-NOR 2006-7"]
[Site "Oslo NOR"]
[Date "2007.01.14"]
[Round "6"]
[White "Kolas,T"]
[Black "Trygstad,K"]
[Result "0-1"]
[WhiteElo "2218"]
[BlackElo "2346"]

1.e4 c5 2.Nf3 e6 3.Nc3 a6 4.d4 cxd4 5.Nxd4 Qc7 6.Bd3 Nf6 7.O-O Nc6 8.Be3 Nxd4
9.Bxd4 Bc5 10.Bxc5 Qxc5 11.Kh1 d6 12.Qe1 e5 13.f4 Be6 14.Qh4 exf4 15.Qxf4 Qe5
16.Qh4 O-O-O 17.Rae1 h5 18.Qf2 Ng4 19.Qg1 Rhe8 20.Na4 h4 21.h3 Nf6 22.Qa7 Qa5
23.Nb6+ Kc7 24.Nc4 Bxc4 25.Bxc4 Re7 26.Qd4 Rde8 27.e5 dxe5 28.Qxh4 Qc5 29.Bb3 Kb8
30.Qg3 Qc6 31.Qxg7 Rg8 32.Rxf6 Rxg7 33.Rxc6 bxc6 34.Bc4 Kb7 35.Rf1 Kb6 36.Kh2 a5
37.Rf6 Kc5 38.Bb3 e4  0-1

[Event "ch-BLR"]
[Site "Minsk BLR"]
[Date "2007.01.15"]
[Round "6"]
[White "Zhigalko,A"]
[Black "Kutsankov,V"]
[Result "1-0"]
[WhiteElo "2538"]
[BlackElo "2361"]

1.e4 c5 2.Nf3 e6 3.d4 cxd4 4.Nxd4 a6 5.Nc3 Qc7 6.Bd3 Nf6 7.Qe2 d6 8.f4 Nc6
9.Nxc6 bxc6 10.Bd2 Be7 11.O-O O-O 12.e5 Nd5 13.Rf3 g6 14.exd6 Bxd6 15.Ne4 Qb6+
16.Kh1 Qxb2 17.Qe1 Bb4 18.c3 Be7 19.c4 Nb4 20.Bc3 Nxd3 21.Rxd3 Qa3 22.Rad1 e5
23.Bxe5 Qa4 24.Bf6 Qb4 25.Qh4 Bxf6 26.Nxf6+ Kg7 27.f5 Bxf5 28.Qd4 Rfd8 29.Ne8+ Kf8
30.Qh8+ Ke7 31.Qf6+  1-0

[Event "5th Parsvnath Open"]
[Site "New Delhi IND"]
[Date "2007.01.16"]
[Round "3"]
[White "Gopal,G"]
[Black "Ram Prakash,R"]
[Result "1/2-1/2"]
[WhiteElo "2423"]
[BlackElo "2191"]

1.e4 c5 2.Nf3 e6 3.d4 cxd4 4.Nxd4 a6 5.Nc3 b5 6.Bd3 Qc7 7.O-O Nf6 8.Re1 d6
9.a4 b4 10.Na2 e5 11.Nf3 Nc6 12.Bg5 Be7 13.Bc4 O-O 14.Bxf6 Bxf6 15.Bd5 Rb8
16.Rc1 Bg4 17.Bxc6 Qxc6 18.c3 Bg5 19.Nxb4 Rxb4 20.cxb4 Bxc1 21.Qxc1 Qxa4
22.Qd2 Bxf3 23.gxf3 Rb8 24.Rc1 Qd7 25.Rc5 Qe8  1/2-1/2

[Event "ch-CUB Open"]
[Site "Santa Clara CUB"]
[Date "2007.01.16"]
[Round "7"]
[White "Gonzalez,Yu"]
[Black "Arencibia,W"]
[Result "1/2-1/2"]
[WhiteElo "2494"]
[BlackElo "2549"]

1.e4 c5 2.Nf3 e6 3.d4 cxd4 4.Nxd4 a6 5.Nc3 Qc7 6.Bd3 Nf6 7.O-O Bc5 8.Be3 d6
9.Qe2 Nbd7 10.Rad1 O-O 11.Nb3  1/2-1/2

[Event "5th Parsvnath Open"]
[Site "New Delhi IND"]
[Date "2007.01.17"]
[Round "4"]
[White "Shashikant,K"]
[Black "Hossain,Enam"]
[Result "1-0"]
[WhiteElo "2276"]
[BlackElo "2506"]

1.e4 c5 2.Nf3 e6 3.d4 cxd4 4.Nxd4 a6 5.Nc3 Qc7 6.Bd3 Bc5 7.Nb3 Be7 8.f4 d6
9.Qf3 Nf6 10.O-O b5 11.Bd2 Bb7 12.Kh1 Nbd7 13.Rae1 O-O 14.Qh3 b4 15.Nd1 d5
16.e5 Ne4 17.Nf2 Nxf2+ 18.Rxf2 g6 19.f5 exf5 20.Rxf5 Bc8 21.Qh6 f6 22.Rh5 Rf7
23.Bxg6 Rg7 24.Bxh7+ Kf8 25.Bg6  1-0

[Event "5th Parsvnath Open"]
[Site "New Delhi IND"]
[Date "2007.01.19"]
[Round "7"]
[White "Roy Chowdhury,S"]
[Black "Ram Prakash,R"]
[Result "1-0"]
[WhiteElo "2425"]
[BlackElo "2191"]

1.e4 c5 2.Nf3 e6 3.Nc3 a6 4.d4 cxd4 5.Nxd4 b5 6.Bd3 Qc7 7.O-O Nf6 8.Qe2 Nc6
9.Nxc6 dxc6 10.e5 Nd5 11.Nxd5 cxd5 12.Bg5 Bc5 13.Rae1 h6 14.Bd2 g6 15.Kh1 Kf8
16.h4 h5 17.Qf3 Kg8 18.Bg5 Be7 19.Bxe7 Qxe7 20.Qf4 Kg7 21.Re3 Bd7 22.a3 Rab8
23.b4 Rbc8 24.Qd4 Rc7 25.Rf3 Be8 26.Rf6 Ra7 27.Rb1 a5 28.Qf4 axb4 29.axb4 Bc6
30.Qg5 Rh6 31.Kh2 Qd7 32.Rf4 Qe7 33.Rf6 Qd7 34.Rd1 Qe7 35.Qf4 Be8 36.Rb1 Rh8
37.Rb3 Rh6 38.Qd4 Ra4 39.Rf4 Bd7 40.Rc3 Rh8 41.Rc5 Rb8 42.Be2 Ra3 43.Rf6 Kf8
44.Qf4 Ke8 45.Bd3 Ra4 46.c3 Ra7 47.Qh6 Kd8 48.Qh8+ Qe8 49.Qg7 Rc7 50.Rxc7 Kxc7
51.Rxf7 Qd8 52.Rf6 Kb6 53.Bxg6 Rc8 54.Bxh5 Rxc3 55.Qg5 Qc8 56.Bg4 Rc4 57.h5 Rxb4
58.h6 Qh8 59.Kg3 Rb3+ 60.f3 d4 61.Qg7 Qb8 62.Rf8 Qc7 63.h7 d3 64.h8=Q d2
65.Qh1 Rd3 66.Qg1+ Kb7 67.Rf7 d1=Q 68.Qxd1 Rxd1 69.Bxe6 Kc6 70.Bxd7+ Rxd7
71.Rxd7 Qxd7 72.Qxd7+ Kxd7 73.Kf2  1-0

[Event "TCh-AUT 2006-7"]
[Site "Leoben AUT"]
[Date "2007.01.20"]
[Round "6"]
[White "Kreisl,R"]
[Black "Sommerbauer,N"]
[Result "1/2-1/2"]
[WhiteElo "2289"]
[BlackElo "2463"]

1.e4 c5 2.Nf3 e6 3.d4 cxd4 4.Nxd4 a6 5.Nc3 Qc7 6.Be2 Nf6 7.O-O Bb4 8.Qd3 Nc6
9.Bg5 h6 10.Bxf6 gxf6 11.Kh1 Qd6 12.Nb3 Qxd3 13.cxd3 Na5 14.Nd2 Bc5 15.Rac1 Ba7
16.f4 Ke7 17.g3 d6 18.Nf3 Nc6 19.Rfd1 Be3 20.Rb1 Nd4 21.Nxd4 Bxd4 22.Bf3 Bd7
23.Ne2 Bb6 24.d4 Rac8 25.Rbc1 Rxc1 26.Rxc1 Rc8 27.Rxc8 Bxc8 28.Kg2 Bd7 29.Kf1 Bb5
30.Ke1 Bxe2 31.Kxe2 Bxd4 32.b3 a5 33.a4 b6 34.h3 Bc5  1/2-1/2

[Event "IM"]
[Site "Marianske Lazne CZE"]
[Date "2007.01.21"]
[Round "3"]
[White "Meinhardt,Ma"]
[Black "Vokoun,J"]
[Result "0-1"]
[WhiteElo "2369"]
[BlackElo "2223"]

1.e4 c5 2.Nc3 e6 3.Nf3 a6 4.d4 cxd4 5.Nxd4 Qc7 6.g3 Nf6 7.Bg2 Be7 8.O-O O-O
9.f4 d6 10.g4 Nc6 11.Nb3 d5 12.exd5 Rd8 13.g5 Nxd5 14.Nxd5 exd5 15.f5 d4
16.f6 Bf8 17.fxg7 Bxg7 18.Nc5 Ne5 19.Ne4 d3 20.Qh5 Qb6+ 21.Kh1 Qg6 22.Qh4 dxc2
23.Be3 Bg4 24.Nc3 Qh5 25.Qf2 Bd1 26.Qg3 Rd7 27.Rf4 Ng4 28.Re4 Bxc3 29.bxc3 Nxe3
30.Qxe3 Rf8 31.Re8 Qg6 32.Rc1 Qd6 33.Rxf8+ Kxf8 34.Be4 Re7 35.g6 hxg6 36.Qh6+ Kg8  0-1

[Event "IM"]
[Site "Marianske Lazne CZE"]
[Date "2007.01.25"]
[Round "7"]
[White "Meinhardt,Ma"]
[Black "Swiercz,D"]
[Result "1-0"]
[WhiteElo "2369"]
[BlackElo "2231"]

1.e4 c5 2.Nc3 a6 3.Nf3 e6 4.d4 cxd4 5.Nxd4 b5 6.Bd3 d6 7.O-O Nf6 8.a4 b4
9.Na2 e5 10.Nf5 Bxf5 11.exf5 Nc6 12.Bg5 d5 13.Qe2 Qb6 14.c4 dxc4 15.Bxc4 Bc5
16.a5 Nxa5 17.Qxe5+ Kf8 18.Bxf6 gxf6 19.Qd5 Ra7 20.Be2 Kg7 21.Nc1 Rd8 22.Qf3 Rd4
23.Rxa5 Qxa5 24.Nb3 Qb6 25.Rc1 Be7 26.Nxd4 Qxd4 27.Rc4 Qd6 28.Rh4 Qd2 29.Qg3+ Kf8
30.Rxh7 Bc5 31.Qg7+ Ke8 32.Rh8+ Kd7 33.Qxf7+ Kc6 34.Rc8+ Kb6 35.Rb8+ Kc6
36.Bf3+ Kd6 37.Qe6+  1-0

[Event "ch-SER Qualification"]
[Site "Belgrade SER"]
[Date "2007.01.26"]
[Round "4"]
[White "Pap,M"]
[Black "Milanovic,Da"]
[Result "1-0"]
[WhiteElo "2475"]
[BlackElo "2519"]

1.e4 c5 2.Nf3 e6 3.Nc3 a6 4.d4 cxd4 5.Nxd4 Qc7 6.Bd3 Nf6 7.O-O d6 8.a4 Nc6
9.Be3 Be7 10.a5 Nxa5 11.Na4 Nc6 12.Nxc6 Qxc6 13.Nb6 Rb8 14.Ra3 Qc7 15.Rc3 Qd8
16.Qf3 Nd7 17.Nxd7 Bxd7 18.Qg3 O-O 19.f4 b5 20.Ra3 a5 21.Raa1 Bh4 22.Qf3 a4
23.e5 dxe5 24.fxe5 Bg5 25.Bxh7+ Kxh7 26.Qh5+ Kg8 27.Bxg5 Qb6+ 28.Kh1 Bc6
29.Qg4 Qc5 30.Bf6  1-0

[Event "IM"]
[Site "Passos BRA"]
[Date "2007.01.26"]
[Round "9"]
[White "Frederico,G"]
[Black "Ladeira,Jo"]
[Result "1-0"]
[WhiteElo "2190"]
[BlackElo "2330"]

1.e4 c5 2.Nf3 e6 3.Nc3 a6 4.d4 cxd4 5.Nxd4 Qc7 6.Bd3 Nf6 7.O-O b5 8.Qe2 d6
9.f4 Nbd7 10.Nf3 Bb7 11.e5 b4 12.Nd1 dxe5 13.fxe5 Nd5 14.Kh1 Be7 15.Nf2 Nc5
16.Ng5 Bxg5 17.Bxg5 h6 18.Bd2 Nxd3 19.cxd3 O-O 20.Rac1 Qb6 21.Ng4 f5 22.exf6 Nxf6
23.Nxf6+ gxf6 24.Qh5 Rf7 25.Bxh6  1-0

[Event "ch-SER Qualification"]
[Site "Belgrade SER"]
[Date "2007.01.28"]
[Round "6"]
[White "Savicevic,V"]
[Black "Nestorovic,De"]
[Result "1/2-1/2"]
[WhiteElo "2323"]
[BlackElo "2387"]

1.e4 c5 2.Nf3 e6 3.Nc3 a6 4.d4 cxd4 5.Nxd4 Qc7 6.g3 Nf6 7.Bg2 Bb4 8.Bd2 O-O
9.O-O Be7 10.a4 d6 11.a5 Nc6 12.Nb3 Ne5 13.Na4 Nc4 14.Bc3 e5 15.Re1 Be6 16.Bf1 Rad8
17.Qe2 Nd7 18.Bb4 Nb8 19.Nb6 Nxb6 20.axb6 Qc8 21.c4 Nd7 22.Qe3 Qc6 23.Na5 Qxb6
24.Qxb6 Nxb6 25.Nxb7 Rb8 26.Na5 Rfc8 27.Bc3 Nxc4  1/2-1/2

[Event "SDZ Open"]
[Site "Solin CRO"]
[Date "2007.01.28"]
[Round "9"]
[White "Armanda,I"]
[Black "Ljubicic,F"]
[Result "1/2-1/2"]
[WhiteElo "2335"]
[BlackElo "2398"]

1.e4 c5 2.Nf3 e6 3.d4 cxd4 4.Nxd4 a6 5.Nc3 b5 6.Be2 Bb7 7.Bf3 Qc7 8.O-O d6
9.a4 b4 10.Na2 Nf6 11.Re1 e5 12.Nf5 Nc6 13.Bg5 Nd7 14.c3 h6 15.Bh4 a5 16.Ne3 Ba6
17.Be2 Bxe2 18.Qxe2 Nc5 19.Nd5 Qb7 20.Nc1 Be7 21.Bxe7 Nxe7 22.Nxe7 Kxe7 23.Nd3 Rhc8
24.Nxc5  1/2-1/2

[Event "ch-CUB Places"]
[Site "Santa Clara CUB"]
[Date "2007.01.29"]
[Round "3"]
[White "Quezada,Y"]
[Black "Arencibia,W"]
[Result "1/2-1/2"]
[WhiteElo "2515"]
[BlackElo "2549"]

1.e4 c5 2.Nf3 e6 3.d4 cxd4 4.Nxd4 a6 5.Nc3 Qc7 6.Bd3 Nf6 7.O-O d6 8.a4 b6
9.Kh1 Bb7 10.f4 Nbd7 11.Qf3 g6 12.Bd2 Bg7 13.Rae1 O-O 14.Qh3 Rae8 15.Nf3 Nc5
16.Qh4 d5 17.e5 Nfe4 18.Nxe4 dxe4 19.Ng5 h6 20.Nxe4 Nxe4 21.Bxe4 Bxe4 22.Rxe4 Qxc2
23.Qe1 Rc8 24.Rb4 Rfd8 25.Be3 b5 26.axb5 Bf8 27.Rd4 Rxd4 28.Bxd4 axb5 29.h3 Rc4
30.Qe3 Bb4 31.b3 Rc8 32.Qf3 Qd2 33.Rd1 Rc1 34.Rxc1 Qxc1+ 35.Kh2 Bd2 36.g3 Kg7
37.h4 h5 38.Qd3 b4 39.Bb6 Qc3 40.Qe2 Bc1 41.Qd1 Bd2 42.Qe2 Kh7 43.Bd8 Bc1
44.Qd1 Qb2+ 45.Kg1 Bd2 46.Kf1 Qa2 47.Kg1 Kg7  1/2-1/2

[Event "5th I Platonov Mem"]
[Site "Kyiv UKR"]
[Date "2007.02.03"]
[Round "1"]
[White "Pavlov,S2"]
[Black "Lutsko,I"]
[Result "1-0"]
[WhiteElo "2414"]
[BlackElo "2438"]

1.e4 c5 2.Nf3 e6 3.d4 cxd4 4.Nxd4 a6 5.Nc3 Qc7 6.g3 Nc6 7.Bg2 Nf6 8.O-O Nxd4
9.Qxd4 Bc5 10.Bf4 d6 11.Qd3 h6 12.Rad1 e5 13.Be3 Be6 14.Bxc5 dxc5 15.Nd5 Bxd5
16.exd5 Qd6 17.f4 exf4 18.Rfe1+ Kd8 19.gxf4 Re8 20.Qg3 Rxe1+ 21.Rxe1 g6 22.Qe3 Kc7
23.Qe7+ Nd7 24.Bh3 f5 25.Qxd6+ Kxd6 26.Re6+ Kxd5 27.Rxg6 Ke4 28.Rd6 Nf8 29.Kf2 Re8
30.Kg3 Re6 31.Bg2+ Ke3 32.Rd3+ Ke2 33.Bf3+ Kf1 34.Bxb7 c4 35.Rd1+ Ke2 36.Bf3+ Ke3
37.Re1+ Kd2 38.Rxe6 Nxe6 39.Bd5 c3 40.bxc3 Nc5 41.Kf3 a5 42.Bf7 Kxc3 43.Bg6 Kb2
44.Bxf5 Kxa2 45.Bc8 a4 46.f5 a3 47.f6 Kb2  1-0

[Event "ch-UKR U20"]
[Site "Lviv UKR"]
[Date "2007.02.03"]
[Round "4"]
[White "Zhornik,N"]
[Black "Vovk,A"]
[Result "1/2-1/2"]
[WhiteElo "2365"]
[BlackElo "2487"]

1.e4 c5 2.Nf3 e6 3.d4 cxd4 4.Nxd4 a6 5.Nc3 Qc7 6.Be2 Nf6 7.O-O Be7 8.f4 d6
9.Kh1 O-O 10.Qe1 Nc6 11.Be3 Nd7 12.Qg3 Kh8 13.Rad1 Rb8 14.f5 Nde5 15.Bg5 Nxd4
16.Rxd4 Bxg5 17.Qxg5 f6 18.fxe6 Bxe6 19.Qd2 Nf7 20.Bh5 Ne5 21.Be2 Nf7 22.Rd1 Qb6
23.b3  1/2-1/2

[Event "TCh-NED 2006-7"]
[Site "Netherlands NED"]
[Date "2007.02.03"]
[Round "5"]
[White "Willemze,J"]
[Black "Siebrecht,S"]
[Result "1-0"]
[WhiteElo "2420"]
[BlackElo "2457"]

1.e4 c5 2.Nf3 e6 3.d4 cxd4 4.Nxd4 a6 5.Nc3 Qc7 6.Bd3 Bc5 7.Nb3 Be7 8.Qg4 g6
9.Qe2 d6 10.O-O Nc6 11.f4 Nf6 12.Bd2 b5 13.a3 O-O 14.Kh1 Re8 15.Rae1 Bf8
16.Qf2 Bg7 17.Qh4 Bb7 18.f5 exf5 19.Bg5 Nxe4 20.Nd5 Qb8 21.Bxe4 Rxe4 22.Rxe4 fxe4
23.Na5 Nxa5 24.Ne7+ Kh8 25.Rxf7 Qe8 26.Nxg6+ Kg8 27.Ne7+ Kxf7 28.Qf4+  1-0

[Event "5th I Platonov Mem"]
[Site "Kyiv UKR"]
[Date "2007.02.05"]
[Round "4"]
[White "Pavlov,S2"]
[Black "Simonian,H"]
[Result "1-0"]
[WhiteElo "2414"]
[BlackElo "2384"]

1.e4 c5 2.Nf3 e6 3.d4 cxd4 4.Nxd4 a6 5.Nc3 b5 6.Bd3 Bc5 7.Nb3 Be7 8.Qg4 g6
9.Qe2 d6 10.O-O Bb7 11.a4 b4 12.Nd1 Nc6 13.a5 Nf6 14.Bh6 Rg8 15.Bg5 Rh8 16.Be3 h5
17.Bb6 Qc8 18.Ne3 Ne5 19.f4 Ned7 20.Nc4 d5 21.exd5 Bxd5 22.Bd4 h4 23.Nb6 Nxb6
24.axb6 Bxb3 25.cxb3 Bc5 26.Qe5 Bxd4+ 27.Qxd4 Qd8 28.Bb5+ Kf8 29.Qxd8+ Rxd8
30.Rxa6 Rb8 31.Bc6 Nd5 32.b7 Ke7 33.Bxd5 exd5 34.Re1+ Kf8 35.Rb6 Kg7 36.Re7 Rhd8
37.Kf2 Kf8 38.Rc7 Ke8 39.Ke3 Rd7 40.Rc8+ Rd8 41.Rxb8 Rxb8 42.Kd4  1-0

[Event "ch-UKR U20"]
[Site "Lviv UKR"]
[Date "2007.02.05"]
[Round "6"]
[White "Tukhaev,A"]
[Black "Vovk,A"]
[Result "1/2-1/2"]
[WhiteElo "2478"]
[BlackElo "2487"]

1.e4 c5 2.Nf3 e6 3.d4 cxd4 4.Nxd4 a6 5.Nc3 b5 6.Bd3 Qb6 7.Nf3 Nc6 8.O-O Qb8
9.e5 Nge7 10.Re1 Ng6 11.Be4 Be7 12.h4 Nf8 13.Bf4 Bb7 14.Bg3 Bc5 15.h5 h6
16.Bxc6 Bxc6 17.Ne4 Bxe4 18.Rxe4 f5 19.Re2 Nh7 20.Nh4 Qb7 21.Ng6 Rg8 22.Bf4 O-O-O
23.a4 b4 24.Qd3 Kb8 25.Be3 d6 26.Bxc5 dxc5 27.Qc4 Ng5 28.f4 Rd4 29.Qxc5 Rd5
30.Qc4 Rc8 31.Qb3 Ne4 32.c3 a5 33.cxb4 axb4 34.Kh2 Ka8 35.a5 Rcd8 36.a6 Qb6
37.Rc1 Rd2 38.Rxd2 Rxd2 39.Rc2 Qf2 40.Rxd2 Nxd2 41.Qd3 Ka7 42.Qd7+ Kxa6 43.Qa4+ Kb6
44.Qxb4+ Kc7 45.Qd6+ Kb7 46.Qe7+ Kb8 47.Qf8+ Kb7 48.Qe7+  1/2-1/2

[Event "ch-UKR U20"]
[Site "Lviv UKR"]
[Date "2007.02.07"]
[Round "8"]
[White "Tukhaev,A"]
[Black "Grekh,A"]
[Result "1-0"]
[WhiteElo "2478"]
[BlackElo "2351"]

1.e4 c5 2.Nf3 e6 3.d4 cxd4 4.Nxd4 a6 5.Nc3 Qc7 6.Be3 Nf6 7.Bd3 Nc6 8.O-O Ne5
9.Bf4 d6 10.Bg5 Be7 11.a4 O-O 12.Kh1 Nc4 13.Bxc4 Qxc4 14.f4 Rd8 15.Nf3 Qc7
16.Qe2 b6 17.e5 Ne8 18.exd6 Rxd6 19.Bxe7 Qxe7 20.f5 Bb7 21.Rae1 Rad8 22.Ne4 Bxe4
23.Qxe4 Qf6 24.Ne5 exf5 25.Rxf5 Qe6 26.Rff1 Nf6 27.Qb7 Rd2 28.Nf3 Re2 29.Qxa6 Rxe1
30.Rxe1 Qc6 31.a5 Qxc2 32.Qxb6 Rc8 33.a6 Ng4 34.Kg1 h5 35.h3 Nf6 36.a7 Nd7
37.Qb7 Qc5+ 38.Kh1 Nb6 39.b4  1-0

[Event "TCh-BEL 2006-7"]
[Site "Belgium BEL"]
[Date "2007.02.08"]
[Round "7"]
[White "Diepeveen,V"]
[Black "Tjiam,D"]
[Result "1/2-1/2"]
[WhiteElo "2315"]
[BlackElo "2391"]

1.e4 c5 2.Nf3 e6 3.d4 cxd4 4.Nxd4 a6 5.Nc3 Nc6 6.Be2 Qc7 7.Be3 Nf6 8.f4 d6
9.O-O Be7 10.Kh1 Bd7 11.Qe1 O-O 12.Qg3 Kh8 13.Bd3 e5 14.fxe5 Nxe5 15.Nf5 Bxf5
16.Rxf5 Qd8 17.Be2 Rc8 18.Rd1 Qe8 19.Bd4 Nc6 20.Bxf6 Bxf6 21.Rxf6 gxf6 22.Qh4 Rg8
23.Qxf6+ Rg7 24.Rxd6 Rd8 25.Bc4 Rxd6 26.Qxd6 Qd8 27.Qxd8+ Nxd8 28.Bd5 Rg6
29.g3 Kg7 30.Kg2  1/2-1/2

[Event "TCh-FRA Top 16 GpB"]
[Site "Metz FRA"]
[Date "2007.02.09"]
[Round "1"]
[White "Reinhart,E"]
[Black "Wirig,A"]
[Result "0-1"]
[WhiteElo "2283"]
[BlackElo "2433"]

1.e4 c5 2.Nf3 e6 3.d4 cxd4 4.Nxd4 a6 5.Nc3 Qc7 6.Be3 Bb4 7.Ne2 Nf6 8.a3 Be7
9.Qd2 Nc6 10.Bf4 d6 11.O-O-O Ne5 12.Nd4 O-O 13.Be2 b5 14.g4 Bb7 15.Qe3 Rac8
16.g5 Nfd7 17.h4 Nb6 18.Qh3 Nbc4 19.h5 Nxa3 20.g6 h6 21.gxf7+ Rxf7 22.Nxe6 Qa5
23.Bd3 Nac4 24.Bxc4 Nxc4 25.Nb1 Qa2 26.Qb3 Qxb3 27.cxb3 Ne3+ 28.Nc3 Nxd1
29.Kxd1 Rf6  0-1

[Event "5th I Platonov Mem"]
[Site "Kyiv UKR"]
[Date "2007.02.10"]
[Round "9"]
[White "Vedmediuc,S"]
[Black "Simonian,H"]
[Result "1/2-1/2"]
[WhiteElo "2380"]
[BlackElo "2384"]

1.e4 c5 2.Nf3 e6 3.d4 cxd4 4.Nxd4 a6 5.Nc3 b5 6.Bd3 Bc5 7.Be3 Qb6 8.Qg4 Bxd4
9.e5 Nc6 10.Qxg7 Bxe5 11.Qxe5 Nxe5 12.Bxb6 Bb7 13.Bd4 f6 14.Ne4 Bxe4 15.Bxe4 d5
16.Bxe5 fxe5  1/2-1/2

[Event "ch-UKR gU20"]
[Site "Lviv UKR"]
[Date "2007.02.10"]
[Round "9"]
[White "Choba,Y"]
[Black "Moskalets,S"]
[Result "1-0"]
[WhiteElo "1815"]
[BlackElo "2194"]

1.e4 c5 2.Nf3 e6 3.d4 cxd4 4.Nxd4 a6 5.Nc3 b5 6.Bd3 Qb6 7.Nb3 Qc7 8.O-O Bb7
9.Bg5 d6 10.Kh1 Nd7 11.f4 Ngf6 12.a3 Be7 13.Qe2 h6 14.Bh4 Nxe4 15.Nxb5 axb5
16.Bxe7 Nec5 17.Bh4 Nxd3 18.Qxd3 Bd5 19.Nd4 Rb8 20.Qg3 Rg8 21.b3 g5 22.fxg5 hxg5
23.Qf2 Nc5 24.Bg3 Ne4 25.Qe3 f5 26.Nxf5 Qxc2 27.Bxd6 Rc8 28.Bb4 exf5 29.Rxf5 Qb2
30.Raf1 Qxb3 31.Re5+ Kd8 32.Qb6+ Rc7 33.Qb8+ Rc8 34.Ba5+ Kd7 35.Qa7+ Kc6
36.Rc1+ Bc4 37.Qb6+ Kd7 38.Qb7+ Kd6 39.Qe7+ Kc6 40.Re6+  1-0

[Event "ch-CHI FENACH"]
[Site "Santiago CHI"]
[Date "2007.02.11"]
[Round "9"]
[White "Lopez Silva,H"]
[Black "Arancibia,E"]
[Result "0-1"]
[WhiteElo "2410"]
[BlackElo "2358"]

1.e4 c5 2.Nf3 e6 3.d4 cxd4 4.Nxd4 a6 5.Nc3 Qc7 6.g3 Bb4 7.Ne2 Nf6 8.Bg2 d6
9.O-O Bc5 10.h3 h6 11.Kh1 Bd7 12.f4 Ba7 13.a3 Nc6 14.Qd3 Rd8 15.b4 Ne7 16.b5 d5
17.bxa6 dxe4 18.Nxe4 Nxe4 19.Bxe4 Bc6 20.Qf3 bxa6 21.Bb2 Bxe4 22.Qxe4 O-O
23.Rfd1 Nf5 24.Be5 Qc5 25.g4 Qe3 26.Qxe3 Nxe3 27.Rxd8 Rxd8 28.c3 Rd2 29.Ng3 f6
30.Bc7 Nd5 31.Bd6 Nxc3 32.Bb4 Rd3 33.Kg2 Nd5 34.f5 Nf4+  0-1

[Event "ch-St Petersburg sf"]
[Site "St Petersburg RUS"]
[Date "2007.02.16"]
[Round "7"]
[White "Melnikov,D"]
[Black "Serov,M"]
[Result "1-0"]
[WhiteElo "2353"]
[BlackElo "2275"]

1.e4 c5 2.Nf3 e6 3.Nc3 a6 4.d4 cxd4 5.Nxd4 d6 6.Be3 b5 7.Qd2 Bb7 8.f3 Nf6
9.g4 Nfd7 10.O-O-O Nb6 11.e5 Nd5 12.exd6 Bxd6 13.Nxd5 Bxd5 14.Bg2 O-O 15.f4 Bc7
16.f5 Bxg2 17.Qxg2 Qd5 18.Qxd5 exd5 19.f6 g6 20.Bh6 Re8 21.Rhe1 Nd7 22.Re7 Rxe7
23.fxe7 Re8 24.Nc6 Nb6 25.Be3 Nc8 26.Bc5 Bf4+ 27.Kb1 Bg5 28.Rxd5 Nxe7 29.Re5 f6
30.Re1 f5 31.gxf5 gxf5 32.Bxe7 Bxe7 33.Rxe7  1-0

[Event "4th ch-Mediterranean"]
[Site "Cannes FRA"]
[Date "2007.02.22"]
[Round "6"]
[White "Dembo,Y"]
[Black "Collas,S"]
[Result "1/2-1/2"]
[WhiteElo "2469"]
[BlackElo "2389"]

1.e4 c5 2.Nf3 e6 3.d4 cxd4 4.Nxd4 a6 5.Nc3 Qc7 6.Bd3 b5 7.O-O Bb7 8.Qe2 Bc5
9.Nb3 Be7 10.f4 b4 11.Nd1 Nf6 12.e5 Nd5 13.c4 bxc3 14.Nxc3 Nxc3 15.bxc3 O-O
16.f5 exf5 17.Rxf5 g6 18.Rf1 Bd5 19.Bh6 Re8 20.Be4 Qxe5 21.Bxd5 Qxd5 22.Qf2 f6  1/2-1/2

[Event "14th Belisce Metalis Open"]
[Site "Bizovac CRO"]
[Date "2007.02.23"]
[Round "3"]
[White "Vukusic,M"]
[Black "Arbanas,J"]
[Result "1/2-1/2"]
[WhiteElo "2118"]
[BlackElo "2318"]

1.e4 c5 2.Nf3 e6 3.d4 cxd4 4.Nxd4 a6 5.Nc3 Qc7 6.Be2 Nf6 7.Bf3 Nc6 8.a3 Be7
9.O-O Ne5 10.Be2 d6 11.f4 Nc6 12.Kh1 O-O 13.Nxc6 bxc6 14.Bd3 c5 15.e5 dxe5
16.fxe5 Qxe5 17.Bf4 Qd4 18.Qe1 Bb7 19.Rd1 h6 20.Bf5 Qc4 21.Bd3 Qd4 22.Bf5  1/2-1/2

[Event "4th ch-Mediterranean"]
[Site "Cannes FRA"]
[Date "2007.02.23"]
[Round "7"]
[White "Calzetta,M"]
[Black "Garcia,Rau"]
[Result "1/2-1/2"]
[WhiteElo "2352"]
[BlackElo "2233"]

1.e4 c5 2.Nf3 e6 3.d4 cxd4 4.Nxd4 a6 5.Nc3 Qc7 6.Bd3 Bc5 7.Nb3 Be7 8.Qe2 d6
9.O-O Nf6 10.f4 Nbd7 11.Bd2 b5 12.Kh1 Bb7 13.a4 b4 14.Na2 Nc5 15.Nxb4 Nfxe4
16.Nxc5 Nxc5 17.f5 Nxd3 18.Nxd3 e5 19.Ra3 h5 20.Rc3 Qd7 21.b3 Rc8 22.Rxc8+ Qxc8
23.Bb4 Qc6 24.c4 Qe4 25.Qxe4 Bxe4 26.Nb2 h4 27.Kg1 Rh5 28.Rd1 Rxf5 29.Bxd6 Bc2
30.Rd5 Bxb3 31.Bxe7 Kxe7 32.Ra5 g6 33.Rxa6 e4 34.Rb6 Bc2 35.Rb4 Rf6  1/2-1/2